| 000 | 00495nam a22001457a 4500 | ||
|---|---|---|---|
| 008 | 230406b |||||||| |||| 00| 0 eng d | ||
| 040 |
_aNational Science Library _cNational Science Library |
||
| 080 |
_a338.964(540) _bK3 |
||
| 100 | 1 |
_aPrasad, Kedarnath _96519 |
|
| 245 |
_aTechnological choice under developmental planning: _bA case study of the small industries of India |
||
| 260 |
_aBombay: _bPopular Prakashan, _c1963 |
||
| 300 | _axiii, 385p. | ||
| 650 | _aCase study | ||
| 942 |
_2udc _cREF |
||
| 999 |
_c19498 _d19498 |
||